|
|
|
|
| LEADER |
00000nam0a2200000 4500 |
| 001 |
302322 |
| 005 |
20231102001506.0 |
| 035 |
|
|
|a (RuTPU)RU\TPU\book\327519
|
| 090 |
|
|
|a 302322
|
| 100 |
|
|
|a 20150820d1971 k y0rusy50 ca
|
| 101 |
0 |
|
|a rus
|
| 102 |
|
|
|a RU
|
| 105 |
|
|
|a a z 001zy
|
| 200 |
1 |
|
|a Намоточные конструкции в электрических машинах и аппаратах
|f Р. Э. Бривманис, А. К. Гаганов
|g под ред. Ю. М. Тарнопольского
|
| 210 |
|
|
|a Москва
|c Энергия
|d 1971
|
| 215 |
|
|
|a 88 с.
|c ил.
|
| 225 |
1 |
|
|a Технология электромашиностроения
|v Вып. 10
|
| 320 |
|
|
|a Библиогр.: с. 85-88.
|
| 606 |
1 |
|
|a Электрические машины
|x Конструкция
|2 stltpush
|3 (RuTPU)RU\TPU\subj\27127
|9 50925
|
| 610 |
1 |
|
|a намоточные изделия
|
| 610 |
1 |
|
|a материалы
|
| 610 |
1 |
|
|a намотки
|
| 610 |
1 |
|
|a механика
|
| 610 |
1 |
|
|a стеклопластики
|
| 610 |
1 |
|
|a бандажирование
|
| 610 |
1 |
|
|a расчет
|
| 675 |
|
|
|a 621.313.001.6
|v 3
|
| 700 |
|
1 |
|a Бривманис
|b Р. Э.
|g Раймонд Эдуардович
|
| 701 |
|
1 |
|a Гаганов
|b А. К.
|g Анатолий Константинович
|
| 702 |
|
1 |
|a Тарнопольский
|b Ю. М.
|4 340
|
| 801 |
|
1 |
|a RU
|b 63413507
|c 20150820
|
| 801 |
|
2 |
|a RU
|b 63413507
|c 20150907
|g RCR
|
| 942 |
|
|
|c BK
|